[Event "14th SRB-ch Women 2020"]
[Site "Vrnjacka Banja"]
[Date "2020.12.07"]
[Round "1.1"]
[White "Drljevic, Ljilja"]
[Black "Velikic, Adela"]
[Result "1-0"]
[WhiteElo "2174"]
[BlackElo "2278"]
[Annotator "RC"]
[PlyCount "59"]
[EventDate "2020.12.07"]
[EventType "tourn"]
[EventCountry "SRB"]
[SourceTitle "playchess.com"]
[Source "ChessBase"]
[SourceQuality "1"]
[TimeControl "40/5400+30:1800+30"]

1. e4 {[%emt 0:00:00]} c5 {[%emt 0:00:00]} 2. Nc3 {[%emt 0:00:00]} e6 {[%emt 0:00:00]} 3. Nf3 {[%emt 0:03:04]} Nc6 {[%emt 0:02:12]} 4. d4 {[%emt 0:00:32]} cxd4 {[%emt 0:00:07]} 5. Nxd4 {[%emt 0:00:03]} Nf6 {[%emt 0:00:32]} 6. Be3 {[%emt 0:40:10]} Bb4 {[%emt 0:07:47]} 7. Bd3 {[%emt 0:04:36]} d5 {[%emt 0:20:58]} 8. exd5 {[%emt 0:14:34]} Nxd5 {[%emt 0:02:20]} 9. Nxc6 {[%emt 0:02:10]} bxc6 {[%emt 0:00:36]} 10. Qg4 {[%emt 0:05:57]} O-O {[%emt 0:24:19]} 11. O-O-O {[%emt 0:07:57]} f5 {[%emt 0:17:50]} 12. Qc4 {[%emt 0:01:45]} Bxc3 {[%emt 0:04:44]} 13. bxc3 {[%emt 0:00:22]} Nxe3 {[%emt 0:01:06]} 14. fxe3 {[%emt 0:00:11]} Qg5 {[%emt 0:05:32]} 15. Qc5 {[%emt 0:09:53]} Rb8 {[%emt 0:07:19]} 16. Bc4 {[%emt 0:01:38]} Rb6 {[%emt 0:01:24]} 17. Rd2 {[%emt 0:01:18]} Qf6 {[%emt 0:00:55]} 18. g3 {[%emt 0:01:47]} h6 {[%emt 0:00:28]} 19. Rhd1 {[%emt 0:00:44]} Kh7 {[%emt 0:00:24]} 20. Bb3 {[%emt 0:00:37]} Re8 {[%emt 0:00:40]} 21. Rd6 {[%emt 0:00:35]} Qg5 {[%emt 0:00:26]} 22. R1d2 {[%emt 0:01:40]} Bb7 {[%emt 0:00:46]} 23. Rxe6 {[%emt 0:00:44]} Rb5 {[%emt 0:00:31]} 24. Qd6 {[%emt 0:00:25]} Rc8 {[%emt 0:00:30]} 25. Re7 {[%emt 0:01:06]} c5 {[%emt 0:00:21]} 26. Bc4 {[%emt 0:00:39]} Rb6 {[%emt 0:00:31]} 27. Qe5 {[%emt 0:00:21]} Bc6 {[%emt 0:00:26]} 28. h4 {[%emt 0:00:36]} Qg4 {[%emt 0:00:44]} 29. Be2 {[%emt 0:00:26]} Qg6 {[%emt 0:00:28]} 30. Bh5 {[%emt 0:00:21]} 1-0

[Event "14th SRB-ch Women 2020"]
[Site "Vrnjacka Banja"]
[Date "2020.12.07"]
[Round "1.2"]
[White "Benderac, Ana"]
[Black "Chelushkina, Irina"]
[Result "1/2-1/2"]
[WhiteElo "2202"]
[BlackElo "2224"]
[Annotator "RC"]
[PlyCount "27"]
[EventDate "2020.12.07"]
[EventType "tourn"]
[EventCountry "SRB"]
[SourceTitle "playchess.com"]
[Source "ChessBase"]
[SourceQuality "1"]
[TimeControl "40/5400+30:1800+30"]

1. d4 {[%emt 0:00:00]} Nf6 {[%emt 0:00:00]} 2. c4 {[%emt 0:00:00]} e6 {[%emt 0:00:00]} 3. Nc3 {[%emt 0:00:00]} d5 {[%emt 0:00:00]} 4. cxd5 {[%emt 0:00:00]} exd5 {[%emt 0:00:00]} 5. Nf3 {[%emt 0:00:03]} c6 {[%emt 0:00:00]} 6. Bg5 {[%emt 0:00:09]} Be7 {[%emt 0:00:04]} 7. e3 {[%emt 0:00:08]} Nbd7 {[%emt 0:00:08]} 8. Bd3 {[%emt 0:00:17]} Nf8 {[%emt 0:00:12]} 9. O-O {[%emt 0:00:10]} Ne6 {[%emt 0:00:04]} 10. Bh4 {[%emt 0:00:28]} O-O {[%emt 0:00:37]} 11. Qc2 {[%emt 0:00:24]} h6 {[%emt 0:00:10]} 12. a3 {[%emt 0:03:18]} Nd7 {[%emt 0:04:00]} 13. Bxe7 {[%emt 0:00:33]} Qxe7 {[%emt 0:00:05]} 14. b4 {[%emt 0:02:15]} 1/2-1/2

[Event "14th SRB-ch Women 2020"]
[Site "Vrnjacka Banja"]
[Date "2020.12.07"]
[Round "1.3"]
[White "Prudnikova, Svetlana"]
[Black "Eric, Jovana"]
[Result "1/2-1/2"]
[WhiteElo "2181"]
[BlackElo "2278"]
[Annotator "RC"]
[PlyCount "104"]
[EventDate "2020.12.07"]
[EventType "tourn"]
[EventCountry "SRB"]
[SourceTitle "playchess.com"]
[Source "ChessBase"]
[SourceQuality "1"]
[TimeControl "40/5400+30:1800+30"]

1. Nf3 {[%emt 0:00:00]} Nf6 {[%emt 0:00:00]} 2. c4 {[%emt 0:00:00]} e6 {[%emt 0:00:00]} 3. Nc3 {[%emt 0:00:29]} Bb4 {[%emt 0:00:58]} 4. g3 {[%emt 0:01:34]} b6 {[%emt 0:00:59]} 5. Bg2 {[%emt 0:00:05]} Bb7 {[%emt 0:00:04]} 6. Qc2 {[%emt 0:04:34]} O-O {[%emt 0:02:33]} 7. a3 {[%emt 0:00:58]} Be7 {[%emt 0:06:22]} 8. d4 {[%emt 0:05:17]} d5 {[%emt 0:01:42]} 9. cxd5 {[%emt 0:00:51]} exd5 {[%emt 0:00:06]} 10. O-O {[%emt 0:01:37]} a6 {[%emt 0:01:56]} 11. Ne5 {[%emt 0:09:25]} Nbd7 {[%emt 0:06:20]} 12. Rd1 {[%emt 0:03:34]} Bd6 {[%emt 0:03:13]} 13. Bg5 {[%emt 0:05:53]} Be7 {[%emt 0:05:42]} 14. Rac1 {[%emt 0:13:57]} h6 {[%emt 0:04:36]} 15. Bxf6 {[%emt 0:14:55]} Nxf6 {[%emt 0:00:41]} 16. Na4 {[%emt 0:03:47]} Bd6 {[%emt 0:03:15]} 17. Nc4 {[%emt 0:01:12]} Ne8 {[%emt 0:29:28]} 18. Ne3 {[%emt 0:07:06]} c6 {[%emt 0:05:27]} 19. Nf5 {[%emt 0:00:27]} Bc7 {[%emt 0:00:27]} 20. e4 {[%emt 0:01:20]} Qf6 {[%emt 0:06:18]} 21. Ne3 {[%emt 0:05:22]} Rd8 {[%emt 0:02:56]} 22. e5 {[%emt 0:03:42]} Qe6 {[%emt 0:00:37]} 23. Qb3 {[%emt 0:00:21]} Rb8 {[%emt 0:02:57]} 24. f4 {[%emt 0:00:58]} h5 {[%emt 0:02:53]} 25. f5 {[%emt 0:02:19]} Qh6 {[%emt 0:00:04]} 26. Rf1 {[%emt 0:04:10]} c5 {[%emt 0:04:45]} 27. Nxd5 {[%emt 0:02:53]} Bxd5 {[%emt 0:00:11]} 28. Qxd5 {[%emt 0:02:03]} Qe3+ {[%emt 0:05:40]} 29. Kh1 {[%emt 0:00:01]} Rd8 {[%emt 0:00:06]} 30. Rce1 {[%emt 0:02:10]} Qd2 {[%emt 0:02:39]} 31. Rd1 {[%emt 0:01:06]} Rxd5 {[%emt 0:01:23]} 32. Rxd2 {[%emt 0:00:05]} Rxd4 {[%emt 0:00:04]} 33. Rxd4 {[%emt 0:00:14]} cxd4 {[%emt 0:00:04]} 34. b4 {[%emt 0:01:20]} g6 {[%emt 0:01:27]} 35. fxg6 {[%emt 0:02:19]} fxg6 {[%emt 0:00:05]} 36. Bd5+ {[%emt 0:00:02]} Kg7 {[%emt 0:00:13]} 37. Rxf8 {[%emt 0:00:39]} Kxf8 {[%emt 0:00:06]} 38. Kg2 {[%emt 0:00:47]} Ke7 {[%emt 0:00:23]} 39. Kf3 {[%emt 0:00:11]} Bxe5 {[%emt 0:01:04]} 40. Nxb6 {[%emt 0:00:14]} Nc7 {[%emt 0:00:59]} 41. Ke4 {[%emt 0:31:31]} Bf6 {[%emt 0:03:24]} 42. Bc4 {[%emt 0:00:00]} Kd6 {[%emt 0:11:52]} 43. Na4 {[%emt 0:00:00]} Kc6 {[%emt 0:06:46]} 44. Nc5 {[%emt 0:00:00]} Nb5 {[%emt 0:01:24]} 45. Nxa6 {[%emt 0:00:00]} Nxa3 {[%emt 0:00:42]} 46. Bd3 {[%emt 0:00:00]} g5 {[%emt 0:05:21]} 47. Nc5 {[%emt 0:00:00]} Nb5 {[%emt 0:00:30]} 48. Ne6 {[%emt 0:00:58]} Nd6+ {[%emt 0:00:30]} 49. Kf3 {[%emt 0:00:20]} Kd5 {[%emt 0:01:05]} 50. Nc7+ {[%emt 0:00:19]} Kc6 {[%emt 0:00:50]} 51. Ne6 {[%emt 0:00:07]} Kd5 {[%emt 0:00:09]} 52. Nc7+ {[%emt 0:00:12]} Kc6 {[%emt 0:04:44]} 1/2-1/2

[Event "14th SRB-ch Women 2020"]
[Site "Vrnjacka Banja"]
[Date "2020.12.07"]
[Round "1.4"]
[White "Srdanovic, Jovana"]
[Black "Injac, Teodora"]
[Result "1/2-1/2"]
[WhiteElo "2149"]
[BlackElo "2290"]
[Annotator "RC"]
[PlyCount "54"]
[EventDate "2020.12.07"]
[EventType "tourn"]
[EventCountry "SRB"]
[SourceTitle "playchess.com"]
[Source "ChessBase"]
[SourceQuality "1"]
[TimeControl "40/5400+30:1800+30"]

1. d4 {[%emt 0:00:00]} Nf6 {[%emt 0:00:00]} 2. Nf3 {[%emt 0:00:00]} d5 {[%emt 0:00:09]} 3. c4 {[%emt 0:00:00]} e6 {[%emt 0:00:05]} 4. Nc3 {[%emt 0:00:04]} Bb4 {[%emt 0:00:19]} 5. cxd5 {[%emt 0:04:09]} exd5 {[%emt 0:00:08]} 6. Bg5 {[%emt 0:00:18]} h6 {[%emt 0:01:53]} 7. Bxf6 {[%emt 0:01:23]} Qxf6 {[%emt 0:00:06]} 8. Qa4+ {[%emt 0:00:48]} Nc6 {[%emt 0:00:05]} 9. e3 {[%emt 0:01:04]} O-O {[%emt 0:00:21]} 10. a3 {[%emt 0:09:31]} Bxc3+ {[%emt 0:02:46]} 11. bxc3 {[%emt 0:00:05]} Bg4 {[%emt 0:27:24]} 12. Be2 {[%emt 0:07:00]} Ne7 {[%emt 0:09:05]} 13. h3 {[%emt 0:06:57]} Bf5 {[%emt 0:09:12]} 14. O-O {[%emt 0:06:27]} c6 {[%emt 0:04:58]} 15. Qb3 {[%emt 0:12:58]} b5 {[%emt 0:09:18]} 16. a4 {[%emt 0:00:24]} a6 {[%emt 0:00:25]} 17. Ra3 {[%emt 0:01:55]} Ng6 {[%emt 0:02:54]} 18. Rfa1 {[%emt 0:02:50]} Rae8 {[%emt 0:00:48]} 19. Qd1 {[%emt 0:03:31]} Re6 {[%emt 0:10:08]} 20. axb5 {[%emt 0:02:00]} axb5 {[%emt 0:04:05]} 21. Ra8 {[%emt 0:06:09]} Ree8 {[%emt 0:07:25]} 22. Rxe8 {[%emt 0:04:47]} Rxe8 {[%emt 0:00:01]} 23. Bf1 {[%emt 0:01:26]} Be4 {[%emt 0:01:05]} 24. Nd2 {[%emt 0:00:16]} Nh4 {[%emt 0:02:19]} 25. Nxe4 {[%emt 0:01:29]} dxe4 {[%emt 0:00:29]} 26. Ra6 {[%emt 0:02:40]} Re6 {[%emt 0:02:18]} 27. Qh5 {[%emt 0:02:00]} Nf5 {[%emt 0:03:01]} 1/2-1/2

[Event "14th SRB-ch Women 2020"]
[Site "Vrnjacka Banja"]
[Date "2020.12.07"]
[Round "1.5"]
[White "Rapport, Jovana"]
[Black "Gajcin, Marina"]
[Result "1-0"]
[WhiteElo "2308"]
[BlackElo "2239"]
[Annotator "RC"]
[PlyCount "111"]
[EventDate "2020.12.07"]
[EventType "tourn"]
[EventCountry "SRB"]
[SourceTitle "playchess.com"]
[Source "ChessBase"]
[SourceQuality "1"]
[TimeControl "40/5400+30:1800+30"]

1. d4 {[%emt 1:30:30]} Nf6 {[%emt 1:30:30]} 2. c4 {[%emt 0:00:30]} g6 {[%emt 0:00:30]} 3. Nd2 {[%emt 0:00:30]} d5 {[%emt 0:00:30]} 4. cxd5 {[%emt 0:00:30]} Qxd5 {[%emt 0:00:30]} 5. Ngf3 {[%emt 0:00:30]} Bg7 {[%emt 0:00:30]} 6. e3 {[%emt 0:00:30]} O-O {[%emt 0:00:30]} 7. b4 {[%emt 0:00:30]} a5 {[%emt 0:00:30]} 8. Bc4 {[%emt 0:00:30]} Qd8 {[%emt 0:00:30]} 9. bxa5 {[%emt 0:00:30]} Rxa5 {[%emt 0:00:30]} 10. Nb3 {[%emt 0:00:30]} Ra7 {[%emt 0:00:30]} 11. O-O {[%emt 0:00:30]} Nc6 {[%emt 0:00:30]} 12. Bb2 {[%emt 0:00:30]} Nd5 {[%emt 0:00:30]} 13. e4 {[%emt 0:00:30]} Nb6 {[%emt 0:00:30]} 14. Bb5 {[%emt 0:00:30]} Na4 {[%emt 0:00:30]} 15. Bxa4 {[%emt 0:00:30]} Rxa4 {[%emt 0:00:30]} 16. h3 {[%emt 0:00:30]} b6 {[%emt 0:00:30]} 17. a3 {[%emt 0:00:30]} Na5 {[%emt 0:00:30]} 18. Nxa5 {[%emt 0:00:30]} Rxa5 {[%emt 0:00:30]} 19. Qc2 {[%emt 0:00:30]} Bb7 {[%emt 0:00:30]} 20. Bc3 {[%emt 0:00:30]} Ra7 {[%emt 0:00:30]} 21. Rfe1 {[%emt 0:00:30]} Qd7 {[%emt 0:00:30]} 22. d5 {[%emt 0:00:30]} c5 {[%emt 0:00:30]} 23. Ne5 {[%emt 0:00:30]} Qa4 {[%emt 0:00:30]} 24. Qb2 {[%emt 0:00:30]} Bxe5 {[%emt 0:00:30]} 25. Bxe5 {[%emt 0:00:30]} b5 {[%emt 0:00:30]} 26. Bg7 {[%emt 0:00:30]} Rfa8 {[%emt 0:00:30]} 27. Bh6 {[%emt 0:00:30]} Qd4 {[%emt 0:00:30]} 28. Qxb5 {[%emt 0:00:30]} Ba6 {[%emt 0:00:30]} 29. Qb3 {[%emt 0:00:30]} Bc4 {[%emt 0:00:30]} 30. Qf3 {[%emt 0:00:30]} Qd3 {[%emt 0:00:30]} 31. Re3 {[%emt 0:00:30]} Qd4 {[%emt 0:00:30]} 32. Rc3 {[%emt 0:00:30]} Be2 {[%emt 0:00:30]} 33. Qe3 {[%emt 0:00:30]} Ra4 {[%emt 0:00:30]} 34. f3 {[%emt 0:00:30]} f6 {[%emt 0:00:30]} 35. Kf2 {[%emt 0:00:30]} Bb5 {[%emt 0:00:30]} 36. Rac1 {[%emt 0:00:30]} g5 {[%emt 0:00:30]} 37. h4 {[%emt 0:00:30]} gxh4 {[%emt 0:00:30]} 38. Rxc5 {[%emt 0:00:30]} Qb2+ {[%emt 0:00:30]} 39. R1c2 {[%emt 0:00:30]} Qb1 {[%emt 0:00:30]} 40. Rc1 {[%emt 0:00:30]} Qb2+ {[%emt 0:00:30]} 41. R1c2 {[%emt 0:30:30]} Qb1 {[%emt 0:30:30]} 42. Qc1 {[%emt 0:00:30]} Qxc1 {[%emt 0:00:30]} 43. Bxc1 {[%emt 0:00:30]} Bd7 {[%emt 0:00:30]} 44. Rc7 {[%emt 0:00:30]} R8a7 {[%emt 0:00:30]} 45. Be3 {[%emt 0:00:30]} Rxc7 {[%emt 0:00:30]} 46. Rxc7 {[%emt 0:00:30]} h3 {[%emt 0:00:30]} 47. gxh3 {[%emt 0:00:30]} Bxh3 {[%emt 0:00:30]} 48. Rxe7 {[%emt 0:00:30]} Rxa3 {[%emt 0:00:30]} 49. Bd4 {[%emt 0:00:30]} f5 {[%emt 0:00:30]} 50. Rg7+ {[%emt 0:00:30]} Kf8 {[%emt 0:00:30]} 51. Rxh7 {[%emt 0:00:30]} fxe4 {[%emt 0:00:30]} 52. Rxh3 {[%emt 0:00:30]} Rd3 {[%emt 0:00:30]} 53. Be3 {[%emt 0:00:30]} exf3 {[%emt 0:00:30]} 54. Rh5 {[%emt 0:00:30]} Ke7 {[%emt 0:00:30]} 55. Kxf3 {[%emt 0:00:30]} Kd6 {[%emt 0:00:30]} 56. Ke4 {[%emt 0:00:30]} 1-0

[Event "14th SRB-ch Women 2020"]
[Site "Vrnjacka Banja"]
[Date "2020.12.08"]
[Round "2.1"]
[White "Velikic, Adela"]
[Black "Gajcin, Marina"]
[Result "0-1"]
[WhiteElo "2278"]
[BlackElo "2239"]
[Annotator "NA"]
[PlyCount "82"]
[EventDate "2020.12.07"]
[EventType "tourn"]
[EventCountry "SRB"]
[SourceTitle "playchess.com"]
[Source "ChessBase"]
[SourceQuality "1"]
[TimeControl "40/5400+30:1800+30"]

1. e4 {[%emt 0:00:00]} c5 {[%emt 0:00:03]} 2. Nf3 {[%emt 0:00:00]} g6 {[%emt 0:08:13]} 3. d4 {[%emt 0:01:17]} Bg7 {[%emt 0:01:41]} 4. c4 {[%emt 0:07:57]} d6 {[%emt 0:03:48]} 5. Nc3 {[%emt 0:06:54]} Nc6 {[%emt 0:08:12]} 6. dxc5 {[%emt 0:18:54]} dxc5 {[%emt 0:17:17]} 7. Qxd8+ {[%emt 0:00:30]} Nxd8 {[%emt 0:01:20]} 8. Nd5 {[%emt 0:15:07]} Ne6 {[%emt 0:03:14]} 9. Ng5 {[%emt 0:08:05]} Be5 {[%emt 0:03:20]} 10. f4 {[%emt 0:02:50]} Bb8 {[%emt 0:03:40]} 11. Nf3 {[%emt 0:07:01]} Nf6 {[%emt 0:05:27]} 12. e5 {[%emt 0:02:02]} Nxd5 {[%emt 0:02:04]} 13. cxd5 {[%emt 0:00:07]} Nc7 {[%emt 0:03:09]} 14. Bc4 {[%emt 0:10:20]} b5 {[%emt 0:03:06]} 15. Be2 {[%emt 0:00:23]} Bd7 {[%emt 0:03:44]} 16. d6 {[%emt 0:06:45]} exd6 {[%emt 0:02:48]} 17. exd6 {[%emt 0:00:09]} Ne6 {[%emt 0:00:57]} 18. f5 {[%emt 0:03:08]} gxf5 {[%emt 0:01:02]} 19. O-O {[%emt 0:06:04]} Bxd6 {[%emt 0:01:33]} 20. Be3 {[%emt 0:01:07]} Rg8 {[%emt 0:06:10]} 21. Nh4 {[%emt 0:01:05]} f4 {[%emt 0:01:44]} 22. Bf3 {[%emt 0:00:36]} Rb8 {[%emt 0:01:02]} 23. Bf2 {[%emt 0:00:27]} Ng5 {[%emt 0:04:39]} 24. Rfe1+ {[%emt 0:00:10]} Kd8 {[%emt 0:00:18]} 25. Rad1 {[%emt 0:00:35]} Kc7 {[%emt 0:00:34]} 26. Kf1 {[%emt 0:00:47]} Nxf3 {[%emt 0:01:05]} 27. Nxf3 {[%emt 0:00:10]} Be6 {[%emt 0:01:16]} 28. b3 {[%emt 0:00:31]} a5 {[%emt 0:02:05]} 29. Rc1 {[%emt 0:00:34]} c4 {[%emt 0:00:44]} 30. Nd2 {[%emt 0:00:43]} Ba3 {[%emt 0:03:10]} 31. Rc2 {[%emt 0:00:37]} Bf5 {[%emt 0:00:42]} 32. Ne4 {[%emt 0:00:20]} Rge8 {[%emt 0:01:21]} 33. Rce2 {[%emt 0:00:20]} Bb4 {[%emt 0:00:21]} 34. Nf6 {[%emt 0:00:21]} Rxe2 {[%emt 0:03:20]} 35. Rxe2 {[%emt 0:00:34]} Bd3 {[%emt 0:00:06]} 36. Nd5+ {[%emt 0:00:12]} Kb7 {[%emt 0:00:32]} 37. Nxf4 {[%emt 0:00:24]} Bxe2+ {[%emt 0:00:09]} 38. Nxe2 {[%emt 0:00:30]} Rc8 {[%emt 0:00:52]} 39. Nd4 {[%emt 0:00:22]} cxb3 {[%emt 0:01:00]} 40. axb3 {[%emt 0:00:17]} a4 {[%emt 0:00:21]} 41. Nxb5 {[%emt 0:30:44]} axb3 {[%emt 0:30:12]} 0-1

[Event "14th SRB-ch Women 2020"]
[Site "Vrnjacka Banja"]
[Date "2020.12.08"]
[Round "2.2"]
[White "Injac, Teodora"]
[Black "Rapport, Jovana"]
[Result "1-0"]
[WhiteElo "2290"]
[BlackElo "2308"]
[Annotator "TA"]
[PlyCount "127"]
[EventDate "2020.12.07"]
[EventType "tourn"]
[EventCountry "SRB"]
[SourceTitle "playchess.com"]
[Source "ChessBase"]
[SourceQuality "1"]

{[%evp 18,127,34,21,84,77,95,95,130,118,112,111,133,131,127,129,140,133,177,166,170,131,169,166,194,186,243,236,231,246,253,240,246,243,311,273,271,239,247,259,232,0,204,171,165,54,72,24,62,66,69,54,55,51,36,58,58,34,256,254,548,543,528,536,821,811,857,862,855,804,847,832,938,913,828,782,773,785,706,657,596,577,1723,1417,29947,11293,29973,29956,29976,29977,29983,29984,29984,29976,29972,29973,29972,29974,29974,29974,29974,5081,29975,29976,29978,29978,29979,29979,29979,29980,29980,29981]} 1. Nf3 Nc6 2. d4 d5 3. c4 Bg4 4. cxd5 Bxf3 5. gxf3 Qxd5 6. e3 e5 7. Nc3 Bb4 8. Bd2 Bxc3 9. bxc3 Qd6 10. Rb1 O-O-O {is the legacy move (10...b6). D07: Queen's Gambit: Chigorin Defence.} (10... b6 $11 {remains equal.}) 11. Qb3 $16 b6 12. Qxf7 Nge7 {White is better.} 13. Bc4 $1 Kb8 {[%cal Re5d4] [#]} 14. Qe6 $1 Rhf8 15. Qxd6 Rxd6 {[#]} 16. Be2 $146 ({Predecessor:} 16. Rg1 Nf5 17. Rg4 Rdf6 18. f4 exf4 19. Rxf4 g5 20. Rf3 g4 21. Rf4 {1-0 (30) Nenkov,L (2294)-Nikolov,J (2097) Ognjanovo 2010}) 16... g5 17. Bc1 Rf7 18. Ba3 Rh6 19. Kd2 Rh4 20. Rbg1 h6 21. h3 Nf5 (21... Rf5 $142 22. Bb2 Kb7) 22. Rg4 $18 Rf6 23. Bd3 exd4 24. cxd4 Rh5 25. Ke2 Nfe7 26. Be4 {Black must now prevent d5.} Nf5 27. d5 Nce7 28. Bb2 Rf8 29. Ba3 $2 ({White should try} 29. f4 $18) 29... Rd8 $2 (29... Rf6 $1 $11) 30. Rgg1 Nd6 {[#]} 31. Rc1 (31. Bb2 $1 $18) 31... Rh4 $14 32. Rc2 (32. Rhd1 {seems wilder.} a5 33. Bc2 Rxh3 34. Bb2 Rh4 35. Bb3) 32... Rd7 33. Bxd6 Rxd6 34. Rhc1 Rd7 35. Kf1 Rxh3 36. Kg2 Rh4 37. Kg3 Nxd5 $2 {Black cannot hold the game after this.} (37... h5 $14) 38. Rd2 Nf6 $2 (38... c6 39. Rxc6 Nf6) 39. Rxd7 $18 Nxd7 40. Rd1 Rxe4 41. fxe4 {[%mdl 4096] Endgame KR-KN} Kc8 42. Kg4 Kd8 43. Kf5 {Threatens to win with Ke6.} Ke7 44. Rh1 c5 45. Rxh6 c4 46. Rh7+ Ke8 47. e5 g4 48. Ke4 c3 49. Kd3 Nc5+ 50. Kxc3 Ne4+ {[#]} 51. Kd4 $1 Nxf2 52. e6 a5 53. Ke5 a4 54. Rh2 g3 55. Rg2 Nd3+ 56. Kd6 Nc5 57. Kd5 Ke7 58. Rxg3 Nxe6 59. Rg6 (59. Kc6 $142 Nc5 60. Rg4 a3 61. Kxb6 Nd3 62. Ra4 Ne5 63. Kc5 Kd8 64. Rxa3) 59... Nc7+ {[#]} 60. Kc6 $1 {White mates.} Na6 61. Rg4 Nc5 62. Kxb6 Nd7+ 63. Kb5 a3 64. Ra4 {Weighted Error Value: White=0.13/Black=0.61} 1-0

[Event "14th SRB-ch Women 2020"]
[Site "Vrnjacka Banja"]
[Date "2020.12.08"]
[Round "2.3"]
[White "Eric, Jovana"]
[Black "Srdanovic, Jovana"]
[Result "1-0"]
[WhiteElo "2278"]
[BlackElo "2149"]
[Annotator "NA"]
[PlyCount "63"]
[EventDate "2020.12.07"]
[EventType "tourn"]
[EventCountry "SRB"]
[SourceTitle "playchess.com"]
[Source "ChessBase"]
[SourceQuality "1"]
[TimeControl "40/5400+30:1800+30"]

1. e4 {[%emt 0:00:00]} c5 {[%emt 0:00:00]} 2. Nf3 {[%emt 0:00:00]} a6 {[%emt 0:00:00]} 3. Nc3 {[%emt 0:00:18]} b5 {[%emt 0:00:00]} 4. g3 {[%emt 0:02:08]} Bb7 {[%emt 0:00:00]} 5. d3 {[%emt 0:01:19]} e6 {[%emt 0:00:42]} 6. Bg2 {[%emt 0:00:16]} d6 {[%emt 0:00:36]} 7. O-O {[%emt 0:00:20]} Nf6 {[%emt 0:00:24]} 8. Nh4 {[%emt 0:07:54]} Nc6 {[%emt 0:07:14]} 9. f4 {[%emt 0:01:45]} b4 {[%emt 0:05:26]} 10. Ne2 {[%emt 0:02:04]} Qc7 {[%emt 0:04:32]} 11. c3 {[%emt 0:06:05]} bxc3 {[%emt 0:16:45]} 12. bxc3 {[%emt 0:00:15]} Na5 {[%emt 0:03:12]} 13. f5 {[%emt 0:14:00]} e5 {[%emt 0:03:32]} 14. c4 {[%emt 0:00:41]} Be7 {[%emt 0:01:40]} 15. Nc3 {[%emt 0:00:29]} Nc6 {[%emt 0:01:43]} 16. Nd5 {[%emt 0:12:05]} Nxd5 {[%emt 0:02:07]} 17. exd5 {[%emt 0:00:06]} Nd4 {[%emt 0:01:05]} 18. Qg4 {[%emt 0:04:18]} Bf6 {[%emt 0:00:27]} 19. Rb1 {[%emt 0:02:05]} Bc8 {[%emt 0:05:03]} 20. Be4 {[%emt 0:06:41]} Bd7 {[%emt 0:05:59]} 21. Be3 {[%emt 0:02:55]} Rb8 {[%emt 0:02:47]} 22. Qh5 {[%emt 0:08:56]} Rxb1 {[%emt 0:02:41]} 23. Rxb1 {[%emt 0:00:05]} h6 {[%emt 0:00:54]} 24. Ng2 {[%emt 0:03:32]} Ke7 {[%emt 0:00:26]} 25. Rf1 {[%emt 0:02:59]} Rb8 {[%emt 0:01:07]} 26. h4 {[%emt 0:00:10]} Rb2 {[%emt 0:01:36]} 27. Kh2 {[%emt 0:02:28]} Kd8 {[%emt 0:18:17]} 28. g4 {[%emt 0:01:50]} Nc2 {[%emt 0:09:26]} 29. Bc1 {[%emt 0:00:34]} Rb1 {[%emt 0:00:07]} 30. g5 {[%emt 0:01:27]} hxg5 {[%emt 0:00:38]} 31. hxg5 {[%emt 0:00:05]} Be7 {[%emt 0:00:03]} 32. f6 {[%emt 0:01:48]} 1-0

[Event "14th SRB-ch Women 2020"]
[Site "Vrnjacka Banja"]
[Date "2020.12.08"]
[Round "2.4"]
[White "Chelushkina, Irina"]
[Black "Prudnikova, Svetlana"]
[Result "1-0"]
[WhiteElo "2224"]
[BlackElo "2181"]
[Annotator "TA"]
[PlyCount "143"]
[EventDate "2020.12.07"]
[EventType "tourn"]
[EventCountry "SRB"]
[SourceTitle "playchess.com"]
[Source "ChessBase"]
[SourceQuality "1"]

{[%evp 23,143,-21,-10,-18,-18,-18,7,8,16,20,18,8,8,8,7,4,10,0,0,0,0,0,10,6,9,6,12,10,10,0,6,0,0,0,0,0,0,0,0,0,32,30,18,11,36,0,0,0,0,-15,1,2,15,17,45,13,13,7,34,0,0,5,76,79,92,19,39,0,0,0,0,0,16,16,59,41,59,59,81,41,59,43,59,67,87,8,8,8,8,0,11,11,16,1,1554,1554,1377,1236,1110,1008,709,41,661,193,202,41,29966,29966,29961,29958,12820,6571,3927,3163,29979,29980,29980,29981,29981,29982,29985,29986]} 1. g3 d5 2. Nf3 c6 3. Bg2 Nf6 4. b3 Bf5 5. Bb2 e6 6. O-O h6 7. d3 Be7 8. Nbd2 O-O 9. a3 a5 10. c4 Bh7 11. Rc1 Nbd7 12. Rc2 Bd6 13. Qa1 {A12: English Opening: 1...c6 with b3 by White.} Qe7 14. cxd5 cxd5 15. Nd4 {The position is equal.} Rfc8 {[#]} 16. Rxc8+ $146 ({Predecessor:} 16. Rfc1 Qf8 17. Nb5 Bc5 18. Nf3 Bb6 19. Qb1 Ng4 20. Bd4 Bxd4 21. Nfxd4 e5 22. Rxc8 Rxc8 23. Rxc8 Qxc8 {½-½ (74) Lazic,M (2466)-Brunello,M (2342) Padova 2015}) 16... Rxc8 17. Nb5 Bc5 18. Nf3 Qd8 19. a4 Qf8 20. Bh3 Qd8 21. Ne5 Nxe5 22. Bxe5 Ne8 23. Bc3 Be7 24. Rc1 Bf6 25. Bxf6 Nxf6 26. Na7 Rxc1+ 27. Qxc1 Nd7 28. Nb5 Bg6 29. Qc3 Nb8 30. Nd4 Na6 31. f4 Qc7 (31... Bh5 {is interesting.} 32. Bg2 Nb4 33. Bf3 Bxf3 34. Nxf3 Qb6+) 32. Qxc7 Nxc7 $14 {[%mdl 4096] Endgame KBN-KBN} 33. Kf2 Kf8 34. Ke3 Ke7 35. Kd2 f6 36. f5 exf5 37. Bxf5 Be8 38. Bc8 {And now Nf5+ would win.} b5 39. axb5 (39. b4 $5) 39... Nxb5 40. Nf5+ Kf7 41. Bb7 d4 42. Bd5+ Kg6 (42... Kf8 $1 $11 {remains equal.}) 43. Be6 $16 h5 44. h4 (44. Nh4+ $16 Kh6 45. Bc4) 44... Kh7 $11 45. Ne7 g5 46. e3 dxe3+ 47. Kxe3 gxh4 48. gxh4 Nc7 49. Bc4 a4 50. bxa4 Bxa4 51. d4 Bd7 52. d5 {d6 is the strong threat.} Ne8 53. Be2 Kh6 54. Kf4 ({White should try} 54. Kd4 $16) 54... Nd6 55. Bd3 Kg7 56. Be2 Kh6 57. Bf3 Bh3 58. Ke3 Nf5+ $2 {[%mdl 8192]} (58... Bg4 $11) 59. Nxf5+ $18 Bxf5 {KB-KB} 60. d6 Bd7 61. Kf4 {Cut Off at move 61} Kg6 62. Bd1 $2 (62. Ke4 $18 {aiming for Kd5.} Bb5 63. Be2 $1 {[%mdl 576] Promotion}) 62... Kh6 $2 {[%mdl 8192]} (62... Kf7 $14) 63. Bc2 $2 (63. Be2 Kg6 64. Ke4) 63... Kg7 {If only Black now had time for ...Kf7....} 64. Be4 $2 (64. Ke4 $1 $18) 64... Kh6 $2 {[%mdl 8192]} (64... Kf7 $14) 65. Bf5 Ba4 {[#]} 66. Ke3 $1 {[%cal Re3d4]} ({Stronger than} 66. d7 Bxd7 67. Bxd7 Kh7 $11) 66... Kg7 67. Kd4 Kf7 68. Kd5 Be8 69. Kc5 {White mates.} Ba4 {[#]} 70. Kb6 $1 {[%cal Rb6c7]} Kg7 71. Kc7 Kh6 72. Be4 {Weighted Error Value: White=0.13/Black=0.10} 1-0